Az 1917 utáni orosz jövevényszavaink

Elmentve itt :
Bibliográfiai részletek
Szerző: Bártfai Éva
További közreműködők: nincs megadva (Témavezető)
Dokumentumtípus: Szakdolgozat
Megjelent: 1980
Tárgyszavak:
Online Access:http://diploma.bibl.u-szeged.hu/96352
LEADER 00596nta a2200181 i 4500
001 dipl96352
005 20201217132201.0
008 201217s1980 hu om 0|| hun d
040 |a SZTE Diploma Repozitórium  |b hun 
041 |a hun 
100 1 |a Bártfai Éva 
245 1 3 |a Az 1917 utáni orosz jövevényszavaink  |h [elektronikus dokumentum] /  |c Éva Bártfai 
260 |c 1980 
650 4 |a Pedagógusképzés 
650 4 |a Humanities 
650 4 |a Languages and Literature 
700 1 |a nincs megadva  |e ths 
856 4 0 |u http://diploma.bibl.u-szeged.hu/id/eprint/96352/1/1980_bartfai_eva.pdf  |z Dokumentum-elérés